000 02015nam a2200325 i 4500
001 000000341
003 DO-SdBPM
005 20251028114239.0
007 ta
008 081112s2007 dr ac r 001 0 spa d
020 _a9789993456148
040 _aDO-SdBPM
_bspa
_cBPMSU
_erda
041 _aspa
082 4 _a796.357
_bG146L 2007
_222
100 1 _aGalán, Bismar,
_d1961-
_eautor
_4aut.
245 1 3 _aEl Licey :
_bun siglo de identidad y fanatismo /
_cBismar Galán.
264 _aSanto Domingo, Republica Dominicana :
_bEditora Norma,
_c2007.
300 _a172 páginas :
_bilustraciones, retratos ;
_c22 cm.
336 _atexto
_btxt
_2rdacontent
337 _asin mediación
_bn
_2rdamedia
338 _avolumen
_bnc
_2rdacarrier
504 _aIncluye referencias bibliográficas y notas al pie de las páginas
505 0 _aA modo de introducción -- La magia de un siglo -- El Licey en el juego de las identidades -- El Licey como medio de riqueza social -- Huellas del tigre -- Del nacimiento -- Personajes: fundadores, jugadores -- Mostrando garras -- Coronas azules -- Los Citychamps: Tigres contra Leones -- En series nacionales y del Caribe --El Licey en grandes ligas -- Simbolismo liceísta -- Confines de una metáfora: "tigres azules" -- ¿Por qué tigres? -- Del lapislázuli al "Azul Licey" -- Otras creaciones y recreaciones -- La fanaticada azul -- "Ser liceísta, ¿es sufrir? -- Otros porqués del liceísmo -- Fanáticos célebres -- El liceísmo, ¿ideología o fe? -- Los "tigresitos" del Licey -- Las "tigresas". Del sufrimiento al gozo -- Fanáticos y vida comercial -- Fanáticos y vida comercial -- Pintamos el malecón de azul -- Del play al plato y un sancocho azul -- Loas al Licey.
586 _aSegundo premio concurso "Juan Bosch" - SEDEFIR 2006
590 _aInventariado, 2025/VM
650 7 _aBéisbol
_zRepública Dominicana
_xHistoria
650 7 _aDeportes
_zRepública Dominicana
_xHistoria
910 _aVMateo V. Control de calidad. BPMSU
942 _2ddc
_cBK
999 _c14232
_d14232